000
00243nam a2200097Ia 4500
008
230915s9999 xx 000 0 und d
050
_a
TK 911.3 .M 27186 2009
100
_a
LUNDBERG,CRAIG
245
4
_a
THE HOSPITALITY CASE MANUAL
942
_c
BK
999
_c
204332
_d
204332